Los sonetos del trapecio con estrambote / (Record no. 196168)

MARC details
000 -LEADER
campo de control de longitud fija 01542nam a2200397 i 4500
001 - NÚMERO DE CONTROL
campo de control 196168
003 - IDENTIFICADOR DE NÚMERO DE CONTROL
campo de control ES-MaACL
005 - FECHA Y HORA DE LA ÚLTIMA TRANSACCIÓN
campo de control 20250825062656.0
008 - DATOS DE LONGITUD FIJA--INFORMACIÓN GENERAL
campo de control de longitud fija 240816s2019 sp a | |||| 001 p spa
015 ## - NÚMERO DE BIBLIOGRAFÍA NACIONAL
Número de bibliografía nacional MON22
017 ## - NÚMERO DE COPYRIGHT O DE DEPÓSITO LEGAL
Número de copyright o de depósito legal M 5316-2019
Agencia que asigna Oficina Depósito Legal Madrid
035 ## - NÚMERO DE CONTROL DEL SISTEMA
Número de control de sistema (SpMaBN)a7024048
035 ## - NÚMERO DE CONTROL DEL SISTEMA
Número de control de sistema 991039676689708606
040 ## - FUENTE DE CATALOGACIÓN
Centro catalogador/agencia de origen SpMaBN
Lengua de catalogación spa
Centro/agencia transcriptor SpMaBN
Normas de descripción rda
080 ## - NÚMERO DE LA CLASIFICACIÓN DECIMAL UNIVERSAL
Número de la Clasificación Decimal Universal 821.134.2-14"19"
100 1# - ENTRADA PRINCIPAL--NOMBRE DE PERSONA
Nombre de persona Villa Gil, Luis Enrique de la,
Fechas asociadas al nombre 1935-
Término indicativo de función/relación Autor
9 (RLIN) 114883
245 14 - MENCIÓN DEL TÍTULO
Título Los sonetos del trapecio con estrambote /
Mención de responsabilidad, etc. Luis Enrique de la Villa Gil.
250 ## - MENCION DE EDICION
Mención de edición Primera edición: junio 2019
264 #1 - PRODUCCIÓN, PUBLICACIÓN, DISTRIBUCIÓN, FABRICACIÓN Y COPYRIGHT
Producción, publicación, distribución, fabricación y copyright [Madrid?] :
Nombre del de productor, editor, distribuidor, fabricante [L.E. de la Villa],
Fecha de producción, publicación, distribución, fabricación o copyright [2019].
264 #2 - PRODUCCIÓN, PUBLICACIÓN, DISTRIBUCIÓN, FABRICACIÓN Y COPYRIGHT
Producción, publicación, distribución, fabricación y copyright Madrid :
Nombre del de productor, editor, distribuidor, fabricante Campillo Nevado,
Fecha de producción, publicación, distribución, fabricación o copyright [2019].
300 ## - DESCRIPCIÓN FÍSICA
Extensión 145 paginas :
Otras características físicas ilustraciones (blanco y negro y color) ;
Dimensiones 23 cm.
336 ## - TIPO DE CONTENIDO
Término de tipo de contenido Texto
-- Imagen fija
Fuente rdacontent
337 ## - TIPO DE MEDIO
Nombre/término del tipo de medio sin mediación
Fuente rdamedia
338 ## - TIPO DE SOPORTE
Nombre/término del tipo de soporte volumen
Fuente rdacarrier
490 0# - MENCIÓN DE SERIE
Mención de serie El espolón encendido
500 ## - NOTA GENERAL
Nota general Índice
655 #0 - TERMINO DE INDIZACIÓN--GENERO/FORMA
Datos o término principal de género/forma Poesías líricas
Fuente del término tgfbne
9 (RLIN) 236779
655 #0 - TERMINO DE INDIZACIÓN--GENERO/FORMA
Datos o término principal de género/forma Sonetos
Fuente del término tgfbne
9 (RLIN) 238417
655 #7 - TERMINO DE INDIZACIÓN--GENERO/FORMA
Datos o término principal de género/forma Libros ilustrados
Fuente del término tgfbne
9 (RLIN) 193653
852 ## - LOCALIZACIÓN
Ubicación ES-MaACL
Sublocalización o colección R.152831
Ubicación en estantería Depósito J
Número de control de estantería N-9236
Donativo/Legado Donación: Luis Enrique de la Villa Gil
Encuadernación Encuadernación cartoné con sobrecubiertas
itemnumber 205201
903 ## - NOMBRE PERSONAL DE DONANTE
a Villa Gil, Luis Enrique de la,
d 1935-
e Donante
9 114883
942 ## - ELEMENTOS DE ENTRADA SECUNDARIOS (KOHA)
Tipo de ítem Koha Libro impreso
Suprimir en OPAC No
Holdings
Estatus retirado Estado de pérdida Fuente del sistema de clasificación o colocación Estado de daño No para préstamo Biblioteca de origen Biblioteca actual Ubicación en estantería Fecha de adquisición Fuente de adquisición Total de préstamos Signatura topográfica completa Código de barras Visto por última vez Precio de reemplazo Tipo de ítem Koha
    Clasificación decimal universal     Biblioteca del Ateneo de Madrid Biblioteca del Ateneo de Madrid Depósito J 05/05/2025 Donación   N-9236 101229973 05/05/2025 05/05/2025 Libro impreso